Vector analysis and an introduction to tensor analysis
Wedi'i Gadw mewn:
| Prif Awdur: | |
|---|---|
| Fformat: | Llyfr |
| Iaith: | English |
| Cyhoeddwyd: |
New York, New York : Schaum,
c1959.
|
| Cyfres: | Schaum’s outline series
|
| Pynciau: | |
| Tagiau: |
Ychwanegu Tag
Dim Tagiau, Byddwch y cyntaf i dagio'r cofnod hwn!
|
MARC
| LEADER | 00000nam a2200000Ia 4500 | ||
|---|---|---|---|
| 003 | L000693 | ||
| 005 | 20221231143954.0 | ||
| 008 | 140114s1959 nyua 000 ||eng d | ||
| 040 | |c cru CEDI | ||
| 082 | |a 516.83 S755v | ||
| 100 | |a Spiegel, Murray R., 1943- |9 20646 | ||
| 245 | |a Vector analysis and an introduction to tensor analysis | ||
| 260 | |a New York, New York : Schaum, |c c1959. | ||
| 300 | |a 225 páginas : ilustraciones ; 28 cm. | ||
| 440 | |a Schaum’s outline series |9 19116 | ||
| 650 | |x CALCULO DE TENSORES |x ANALISIS VECTORIAL |9 20647 | ||
| 942 | |2 ddc |c BK | ||
| 999 | |c 15009 |d 15009 | ||
